000 00911nam a2200241Ia 4500
003 GCL
008 140319s9999 xx 000 0 ara d
020 _a5025129957
040 _aGCL /
_cGCL
082 0 4 _a371.35
_bط ت
100 1 _aطارق عبدالرؤوف عامر
245 1 0 _aالتعليم عن بعد والتعليم المفتوح /
_cطارق عبدالرؤوف عامر
260 _aالاردن :
_bدار اليازورى العلمية للنشر والتوزيع ،
_c2007
300 _a208 ص ؛
_c24 سم
650 0 4 _aالتعليم الجامعى
650 0 4 _aالتعليم المفتوح
650 0 4 _aالتعليم - تطوير
650 0 4 _aالتعليم عن بعد
650 0 4 _aالتعليم عن بعد - برامج
650 0 4 _aالتعليم عن بعد - اغراضه واهدافه
650 0 4 _aالتعليم المفتوح - مصر
942 _2ddc
_cBK
999 _c10168
_d10168